000 00651nam a2200229 u 4500
005 20240831063752.0
008 121120s2011 r 000 0 eng d
020 _a9788492702855
035 _aUPN01000188753
049 _aI
050 4 _aPZ73
_bG3.6
100 1 _aGasol, Anna
_932987
245 1 4 _aLa princesa bola de barro /
_cAnna Gasol, Teresa Blanch ; il. Teresa Novoa.
260 _aMadrid :
_bAlmadraba,
_c2011.
300 _a20, [9] p. :
_bil. col.
440 0 _aPicnic ;
_v1
650 4 _aCuentos infantiles espaƱoles
_97725
700 1 _aBlanch, Teresa,
_ecoaut.
905 _aInfantil
999 _c160856
_d160856